000 00692nam a2200265Ia 4500
001 6480
005 20240113233920.0
007 ta
008 170602s 196 ii a g b000 u 465 u
040 _aCotton College,Assam
041 _aeng
082 _a539.81
_bAn 23 P
100 _aAnderson, James L. .
245 0 _aPrinciples of Relativity Physics /
_cJames L. Anderson.
_hTextual Documents
250 _a1st ed. /
260 _aNew York :
_bAcademic Press ,
_cC 1967.
300 _axvii, 484p. :
_bill. ;
_c24cm .
504 _aIndex
653 _aPhysics
653 _aRelativity
653 _aPG-Physics
942 _2ddc
_cBK
999 _c6467
_d6467